| 000 | 00761nam a2200217 i 4500 | ||
|---|---|---|---|
| 001 | 17559 | ||
| 003 | ES-MaACL | ||
| 005 | 20240703151828.0 | ||
| 007 | t| | ||
| 008 | 010403s2000 sp ||||1| spa d | ||
| 020 | _a84-86711-12-6 | ||
| 080 | _a796.95(460) | ||
| 100 | 1 |
_aMartín Rosado, Mariano. _977637 |
|
| 245 | 1 | 0 |
_aRollos y tierras _b: [aproximación a la dimensión histórica de los rollos de justicia en España] / _cMariano Martín Rosado ; [prólogo de Alberto Gil Novales]. |
| 260 |
_aSigüenza : _bLibrería Rayuela, _c[2000] |
||
| 300 |
_a250 p. : _bil. ; _c20 cm. |
||
| 650 | 1 | 4 |
_aRollos y picotas- _zEspaña. _916931 |
| 700 | 0 |
_aGil Novales, Alberto, _d1930-2016 _956851 |
|
| 852 |
_aES-MaACL _jL-24445 _bR.129816 |
||
| 999 |
_c17559 _d17559 |
||